Jak se měří talent

Meranie efektívnosti talent programov. Nástroj DNA (Development Needs Analyzer).

Salvato in:
Dettagli Bibliografici
Autore principale: Lepier, Filip
Natura: Capitolo di libro
Lingua:ceco
Soggetti:
Tags: Aggiungi Tag
Nessun Tag, puoi essere il primo ad aggiungerne!!

MARC

LEADER 00000naa a2200000 4500
001 0168231
005 20231113133434.9
041 0 |a cze 
044 |a CZ 
245 1 0 |a Jak se měří talent  |c Filip Lepier 
520 |a Meranie efektívnosti talent programov. Nástroj DNA (Development Needs Analyzer). 
610 2 0 |a talenty 
610 2 0 |a meranie 
610 2 0 |a efektívnosť 
100 1 |a Lepier, Filip